| 000 | 00897nam a22001697a 4500 | ||
|---|---|---|---|
| 999 |
_c63920 _d63920 |
||
| 003 | Ge_BSU | ||
| 005 | 20260219172239.0 | ||
| 008 | 260219s1964 ge ||||| |||| 00| 0 geo d | ||
| 041 | _ageo | ||
| 080 | _a338.43:636(479.22) კ-37 | ||
| 100 |
_aკახეთელიძე, მიხეილ _926844 |
||
| 245 |
_aსაქართველოს სსრ კოლმეურნეობრივი პროდუქტიული მეცხოველეობის ეკონომიკის საკითხები : _b ნაწ. 2 / _cმიხეილ კახეთელიძე. |
||
| 264 |
_aთბილისი : _bმეცნიერება, _c1964. |
||
| 300 |
_a374 გვ. : _b ცხრ.; _c22 სმ. |
||
| 653 | _aსაქართველოს მეცხოველეობის ეკონომიკა. | ||
| 942 |
_2udc _cᲬᲘᲒᲜᲘ |
||